000 00863nas a2200277 4500
001 BR8500113
003 BR-BrBNA
005 20231205090044.0
007 ta
008 230509b bl.|||p| |||| 00| 00por d
040 _aBR-BrBNA
_bpor
_cBiblioteca Nacional de Agricultura
041 _a(Pt)
072 _aS10; S30
100 1 _aNunes, J.R.V.
100 1 _aCosta, P.M. de A.
100 1 _aPereira, A.S.
100 1 _aPereira, J.A.A.
245 1 _aAceitacao da carne de suinos machos inteiros pelo consumidor
_bParte de tese
246 1 _a[Consumer response to boar meat]
_bPart of thesis
650 _aSUÍNO
650 _aCARNE
650 _aCONSUMIDOR
773 0 _tRevista da Sociedade Brasileira de Zootecnia (Brazil)
_xISSN 0100-4859
_g(1984), v. 13(1) p. 133-140
_wBR8500113
909 _a202311
_bLúcia
_c55
_dLúcia Elande
942 _2AGRIS
_n0
_cANA
999 _c115843
_d115843